000 00319nam a2200133Ia 4500
008 220204s9999 xx 000 0 und d
082 _a578:581
_bSMI;2
100 _aSMITH, Kenneth M
245 0 _aPlant viruses
250 _aEd.6
260 _aLondon
_bChapman and Hall
_c1974
650 _aPlant viruses
942 _cBK
999 _c24621
_d24621